Flags as Smiley Faces - Statistics

General Stats
  • This quiz has been taken 31 times
  • The average score is 11 of 12
Answer Stats
Picture Answer % Correct
Brazil
100%
Canada
100%
Argentina
97%
China
97%
India
97%
United States
97%
Panama
90%
Egypt
87%
Pakistan
87%
Iceland
77%
South Africa
67%
Venezuela
63%
No matching quizzes found
Score Distribution
Percent of People with Each Score
Percentile by Number Answered
Your Score History
You have not taken this quiz